Peranan perbankan syariah dalam pembangunan ekonomi ummah kajian di Bank Syariah Mandiri (BSM), Jawa Barat, Indonesia /
Saved in:
| Main Author: | |
|---|---|
| Format: | Thesis Book |
| Language: | Malay |
| Subjects: | |
| Online Access: | http://studentsrepo.um.edu.my/id/eprint/5167 |
| Tags: |
Add Tag
No Tags, Be the first to tag this record!
|
| LEADER | 01598cam a2200385 a 4500 | ||
|---|---|---|---|
| 001 | u575954 | ||
| 003 | SIRSI | ||
| 005 | 19930930133550.0 | ||
| 008 | 930929s2011 my t 000 0 may m | ||
| 035 | |a ABU-2539 | ||
| 040 | |a UMA |d AUM |e rda | ||
| 043 | |a a-io--- | ||
| 094 | |a BP42 |b A3 UM 2011 Fau | ||
| 100 | 1 | |a Fauziah, Eneng |e author. | |
| 245 | 1 | 0 | |a Peranan perbankan syariah dalam pembangunan ekonomi ummah kajian di Bank Syariah Mandiri (BSM), Jawa Barat, Indonesia / |c Eneng Fauziah. |
| 264 | 1 | |c 2011. | |
| 264 | 4 | |c 2011. | |
| 300 | |a xvii, 190 leaves : |b illustrations ; |c 30 cm. | ||
| 336 | |a text |2 rdacontent | ||
| 337 | |a unmediated |2 rdamedia | ||
| 338 | |a volume |2 rdacarrier | ||
| 500 | |a APIUM. | ||
| 500 | |a Diselia oleh Prof Dr Joni Tamkin Borhan. | ||
| 502 | |a Dissertation (M.Islam Stud.) -- Program Pengajian Islam, Akademi Pengajian Islam, Universiti Malaya, 2011. | ||
| 504 | |a Bibliography: p. 173-190. | ||
| 610 | 2 | 0 | |a Bank Syariah Mandiri. |
| 650 | 0 | |a Banks and banking |x Religious aspects |x Islam. | |
| 650 | 0 | |a Banks and banking |z Indonesia. | |
| 710 | 2 | |a Universiti Malaya. |b Akademi Pengajian Islam. | |
| 856 | 4 | 1 | |u http://studentsrepo.um.edu.my/id/eprint/5167 |
| 900 | |a JAR | ||
| 596 | |a 12 18 25 | ||
| 999 | |a BP42 A3 UM 2011 FAU |w LC |c 1 |i A514558637 |d 5/12/2018 |e 5/12/2018 |f 19/7/2011 |g 1 |l RESERVES |m P12ISLAMKL |n 4 |r Y |s Y |t TESIS |u 19/7/2011 | ||
| 999 | |a BP42 A3 UM 2011 FAU |w LC |c 1 |i A514674902 |l RESERVES |m P18ISLPURI |r Y |s Y |t TESIS |u 25/9/2011 | ||
| 999 | |a BP42 A3 UM 2011 FAU |w LC |c 1 |i A517295435 |f 19/8/2019 |g 1 |l STACKS |m P25UMARCHI |r N |s Y |t CD |u 19/8/2019 |1 AHSS |o .STAFF. MST-CD2391 | ||
